000 00395pab a2200145 454500
008 180718b2003 xxu||||| |||| 00| 0 eng d
100 _aLasley, James
245 _aThe effect of intensive bail supervision on repeat domestic violence offenders
260 _c2003
300 _ap.187-207.
362 _aMay
650 _aDomestic violence
773 _aPolicy Studies Journal
909 _a56747
999 _c56747
_d56747